[Event "TUR-ch U07/12"]
[Site "Antalya"]
[Date "2023.01.24"]
[Round "4"]
[White "Ceyren, Gokay"]
[Black "Akin, Mehmet Efe"]
[Result "1/2-1/2"]
[WhiteElo "1223"]
[BlackElo "1398"]
[PlyCount "80"]
[EventDate "2023.01.17"]
[EventType "swiss"]
[EventRounds "10"]
[EventCountry "TUR"]
[SourceTitle "EXT 2024"]
[Source "ChessBase"]
[SourceDate "2023.10.10"]
[SourceVersion "1"]
[SourceVersionDate "2023.10.10"]
[SourceQuality "1"]

1. e4 c5 2. Nf3 a6 3. d4 cxd4 4. Nxd4 Nf6 5. Bd3 e5 6. Nf3 d6 7. 0-0 Nbd7 8. Nc3 Be7 9. h3 Nc5 10. Be3 Nxd3 11. Qxd3 Be6 12. Nd2 d5 13. Nxd5 Nxd5 14. exd5 Qxd5 15. Qe2 0-0 16. Rfd1 Qc6 17. Rac1 f5 18. Nf3 Bf6 19. Bg5 e4 20. Nd4 Bxd4 21. Rxd4 Rae8 22. Rcd1 h6 23. Bf4 g5 24. Be5 Qc8 25. Qh5 Kh7 26. h4 g4 27. Bf4 Rf6 28. Bg5 Rg6 29. Rd8 Rxd8 30. Rxd8 Qc7 31. Rh8+ Kxh8 32. Qxg6 hxg5 33. Qxe6 Qf4 34. Qh6+ Kg8 35. hxg5 Qc1+ 36. Kh2 Qf4+ 37. Kg1 Qc1+ 38. Kh2 Qf4+ 39. Kg1 Qc1+ 40. Kh2 Qf4+ 1/2-1/2

[Event "TUR-ch U07/12"]
[Site "Antalya"]
[Date "2023.01.24"]
[Round "5"]
[White "Demir, Mehmet Kivanc"]
[Black "Ceyren, Gokay"]
[Result "1-0"]
[WhiteElo "1265"]
[BlackElo "1223"]
[PlyCount "143"]
[EventDate "2023.01.17"]
[EventType "swiss"]
[EventRounds "10"]
[EventCountry "TUR"]
[SourceTitle "EXT 2024"]
[Source "ChessBase"]
[SourceDate "2023.10.10"]
[SourceVersion "1"]
[SourceVersionDate "2023.10.10"]
[SourceQuality "1"]

1. d4 d5 2. Nf3 Nf6 3. Bf4 e6 4. e3 c5 5. c3 Nc6 6. Nbd2 Bd6 7. Bg3 b6 8. Bd3 Bb7 9. 0-0 0-0 10. Qe2 Ne7 11. e4 dxe4 12. Nxe4 Nxe4 13. Bxe4 Bd5 14. Rad1 Qc7 15. Rfe1 Rac8 16. dxc5 Bxg3 17. hxg3 Qxc5 18. Ne5 Rfd8 19. Bb1 Nf5 20. Qc2 g6 21. Nd3 Qc4 22. Nf4 Bb7 23. Qe2 Qc5 24. g4 Nh4 25. Be4 Qc7 26. g3 g5 27. Nxe6 fxe6 28. Bxb7 Qxb7 29. Qxe6+ Qf7 30. gxh4 Qxe6 31. Rxd8+ Rxd8 32. Rxe6 Rd2 33. Re7 a5 34. b3 Rxa2 35. Rb7 Rc2 36. Rxb6 Rxc3 37. hxg5 Kg7 38. Rb5 Kg6 39. Kg2 Rd3 40. f3 Rd4 41. Kg3 Rd3 42. Kf4 Rc3 43. Ke4 Kg7 44. f4 a4 45. Kd4 Rf3 46. Ke4 Rc3 47. bxa4 Rc4+ 48. Kf5 Rxa4 49. Ke5 Ra1 50. Rb7+ Kg6 51. Rb6+ Kg7 52. Ke6 Ra4 53. f5 Rf4 54. Rb7+ Kf8 55. Kf6 Ke8 56. Kg7 Rxg4 57. g6 hxg6 58. f6 Rf4 59. f7+ Rxf7+ 60. Rxf7 g5 61. Kf6 g4 62. Rg7 g3 63. Rxg3 Kd7 64. Rd3+ Kc6 65. Ke5 Kc7 66. Ke6 Kc8 67. Ke7 Kc7 68. Rc3+ Kb6 69. Kd6 Kb5 70. Rc8 Kb4 71. Kd5 Kb3 72. Kd4 1-0